000 00492nmm a2200157Ia 4500
008 251105s9999||||xx |||||||||||||||||und||
041 _aspa
100 _aCruz García, Rosalía de la
245 0 _aJardinería ornamental y hortícola
264 _a[Madrid, España] :
_bMinisterio de Educación, Cultura y Deporte de España,
_c2014
300 _a153 páginas
490 _aAula Mentor
650 _aAgriculture
856 _uhttps://public.digitaliapublishing.com/a/39812
942 _cCF
999 _c98437
_d98437